CA Osasuna Squad 2020-2021 - Statistics

General Stats
  • This quiz has been taken 20 times
    18 since last reset
  • The average score is 18 of 28
Answer Stats
# Position Nation Player % Correct
9 FW Argentina Chimy Ávila
100%
5 DF Spain David García
100%
14 MF Spain Rubén García
100%
1 GK Spain Sergio Herrera
100%
4 DF Spain Unai García
100%
17 FW Croatia Ante Budimir
86%
8 MF Serbia Darko Brasanac
86%
- Coach Spain Jagoba Arrasate
86%
11 FW Spain Kike Barja
86%
6 MF Spain Oier Sanjurjo
86%
13 GK Spain Rubén Martínez
86%
23 DF Spain Aridane Hernández
71%
12 DF Argentina Facundo Roncaglia
71%
27 MF Spain Jon Moncayola
71%
39 DF Spain Manu Sánchez
71%
2 DF Spain Nacho Vidal
71%
10 MF Spain Roberto Torres
71%
21 MF Spain Iñigo Pérez
57%
3 DF Spain Juan Cruz
57%
25 GK Spain Juan Pérez
57%
24 MF Spain Lucas Torró
57%
19 FW Spain Enric Gallego
43%
15 DF Angola Jonás Ramalho
43%
20 FW Spain Adrián López
29%
22 DF Spain Raúl Navas
29%
16 FW Argentina Jonathan Calleri
14%
18 FW Spain Brandon Thomas
0%
7 FW Spain Jony
0%
No matching quizzes found
Score Distribution
Percent of People with Each Score
Percentile by Number Answered
Your Score History
You have not taken this quiz since the last reset